Svetová finančná a hospodárska kríza verzus transformačná recesia SR

Základné teoreticé východiská finančných kríz. Finančná kríza v USA v kontexte konceptu finančných bublín. Privatizačná úverová kríza v Slovenskej republike. Porovnanie príčin svetovej finančnej a hospodárskej krízy s príčinami transformačnej recesie v Slovenskej republike.

Guardado en:
Detalles Bibliográficos
Autor principal: Ochotnický, Pavol
Formato: Capítulo de libro
Lenguaje:eslovaco
Materias:
Etiquetas: Agregar Etiqueta
Sin Etiquetas, Sea el primero en etiquetar este registro!

MARC

LEADER 00000nla$a2200000$$$4500
001 0098522
005 20240502072104.0
041 0 |a slo 
044 |a SK 
245 1 0 |a Svetová finančná a hospodárska kríza verzus transformačná recesia SR  |c Pavol Ochotnický 
520 |a Základné teoreticé východiská finančných kríz. Finančná kríza v USA v kontexte konceptu finančných bublín. Privatizačná úverová kríza v Slovenskej republike. Porovnanie príčin svetovej finančnej a hospodárskej krízy s príčinami transformačnej recesie v Slovenskej republike. 
610 2 0 |a kríza finančná 
610 2 0 |a kríza hospodárska 
610 2 0 |a recesia 
610 2 0 |a transformácia 
610 2 0 |a úver bankový 
610 2 0 |a riziko bankové 
610 2 0 |a privatizácia 
610 2 0 |a trh kapitálový 
610 2 0 |a USA 
610 2 0 |a Slovensko 
100 1 |a Ochotnický, Pavol